A kassai pénzverőház

Elmentve itt :
Bibliográfiai részletek
Szerző: Kemény Lajos
Dokumentumtípus: Cikk
Megjelent: 1902
Sorozat:Magyar gazdaságtörténelmi szemle 9
Kulcsszavak:Közgazdaságtudomány, Magyarország történelme, Gazdaságtörténet
Online Access:http://misc.bibl.u-szeged.hu/711
LEADER 00609nab a2200169 i 4500
001 misc711
005 20191106144045.0
008 170607s1902 hu o 0|| hun d
040 |a SZTE Miscellanea Repozitórium  |b hun 
041 |a hun 
100 1 |a Kemény Lajos 
245 1 2 |a A kassai pénzverőház  |h [elektronikus dokumentum] /  |c  Kemény Lajos 
260 |c 1902 
300 |a 248-253 
490 0 |a Magyar gazdaságtörténelmi szemle  |v 9 
695 |a Közgazdaságtudomány, Magyarország történelme, Gazdaságtörténet 
856 4 0 |u http://misc.bibl.u-szeged.hu/711/1/gazd_tort_szeml_1902_248-253.pdf  |z Dokumentum-elérés